Integración de la atención prenatal con los procesos de detección y manejo clínico del VIH y de la sífilis en la República Dominicana. (Registro nro. 7625)

Detalles MARC
000 -LEADER
fixed length control field 00758nam a2200205 a 4500
001 - CONTROL NUMBER
control field 000038533
003 - CONTROL NUMBER IDENTIFIER
control field DO-SdBNP
005 - DATE AND TIME OF LATEST TRANSACTION
control field 20150413144402.0
007 - PHYSICAL DESCRIPTION FIXED FIELD--GENERAL INFORMATION
fixed length control field 000038533
008 - FIXED-LENGTH DATA ELEMENTS--GENERAL INFORMATION
fixed length control field 130412s2011 dr ad 000 0 spa d
040 ## - CATALOGING SOURCE
Original cataloging agency BPMET
Language of cataloging spa
Transcribing agency BPMET
245 00 - TITLE STATEMENT
Title Integración de la atención prenatal con los procesos de detección y manejo clínico del VIH y de la sífilis en la República Dominicana.
260 ## - PUBLICATION, DISTRIBUTION, ETC. (IMPRINT)
Place of publication, distribution, etc. Santo Domingo :
Name of publisher, distributor, etc. Ministerio de Salud Pública,
Date of publication, distribution, etc. 2011.
300 ## - PHYSICAL DESCRIPTION
Extent 174 p. :
Other physical details il., gráfs. ;
Dimensions 29 cm.
710 1# - ADDED ENTRY--CORPORATE NAME
Corporate name or jurisdiction name as entry element Ministerio de Salud Pública (República Dominicana)
930 #1 - EQUIVALENCE OR CROSS-REFERENCE-UNIFORM TITLE HEADING [LOCAL, CANADA]
Language of a work BND01
Medium of performance for music LF1
Field link and sequence number 20130412
Date of a work 01
Name of part/section of a work CT
Miscellaneous information 36132
942 ## - ADDED ENTRY ELEMENTS (KOHA)
Source of classification or shelving scheme Dewey Decimal Classification
Koha item type Libros
956 ## - LOCAL ELECTRONIC LOCATION AND ACCESS (OCLC)
Host name YLOCKWARD
Access number 10
Compression information 20130412
Logon BND01
Processor of request 1412
956 ## - LOCAL ELECTRONIC LOCATION AND ACCESS (OCLC)
Host name VMATEO
Access number 10
Compression information 20130422
Logon BND01
Processor of request 1023
Existencias
Withdrawn status Lost status Source of classification or shelving scheme Damaged status Not for loan Collection code Home library Current library Date acquired Total Checkouts Barcode Date last seen Price effective from Koha item type
    Dewey Decimal Classification       Biblioteca Pública Metropolitana Salomé Ureña Biblioteca Pública Metropolitana Salomé Ureña 06/02/2015   BPMET15060002 06/02/2015 06/02/2015 Libros